000 00359nam a2200157Ia 4500
008 230711s9999||||xx |||||||||||||| ||und||
041 _aENG
082 _a720
_bTA-C
100 _aIAG
245 0 _aContemporary storage(LCD and wardrobes)
250 _a1st . Ed.
260 _c2015
_aNew Delhi
_bIAG
300 _a108
650 _aArchitecture
942 _cBK
999 _c5668
_d5668